书目信息 |
| 题名: |
房屋买卖租赁拆迁新建200术
|
|
| 作者: | 匡长福主编 | |
| 分册: | ||
| 出版信息: | 北京 中央民族学院出版社 1993.04 |
|
| 页数: | 267页 | |
| 开本: | 32开 | |
| 丛书名: | ||
| 单 册: | ||
| 中图分类: | F293.3 | |
| 科图分类: | ||
| 主题词: | ||
| 电子资源: | ||
| ISBN: | 7-81001-328-9 | |
| 000 | 00486nam0 2200157 45 | |
| 001 | 0199000281 | |
| 005 | 20061212153954.54 | |
| 010 | @a7-81001-328-9@d5.20元 | |
| 100 | @a19990804d km y0chiy0120 ea | |
| 101 | 0 | @achi |
| 200 | 1 | @AFANG WU MAI MAI ZU LIN CHAI QIAN XIN JIAN 200 SHU@FKUANG CHANG FU ZHU BIAN@a房屋买卖租赁拆迁新建200术@f匡长福主编 |
| 210 | @a北京@c中央民族学院出版社@d1993.04 | |
| 215 | @a267页@c无图表@d32开 | |
| 690 | @aF293.3 | |
| 801 | 0 | @c20061212 |
| 905 | @dF293.3@eK237@f3 | |
| 房屋买卖租赁拆迁新建200术/匡长福主编.-北京:中央民族学院出版社,1993.04 |
| 267页:无图表;32开 |
| ISBN 7-81001-328-9:5.20元 |
| ● |
| 相关链接 |
|
|
|
正题名:房屋买卖租赁拆迁新建200术
索取号:F293.3/K237
 
预约/预借
| 序号 | 登录号 | 条形码 | 馆藏地/架位号 | 状态 | 备注 |
| 1 | 20552 | 200258274 | 社科库409/409社科库 107排2列5层/ [索取号:F293.3/K237] | 在馆 | |
| 2 | 20553 | 200258871 | 社科库409/409社科库 107排2列5层/ [索取号:F293.3/K237] | 在馆 | |
| 3 | 444073 | 204440738 | 管理学院资料室/ [索取号:F293.3/K237] | 在馆 |